01414agaaa2200277 45000010005000000030009000050050017000140070009000310080040000400400023000800410012001031000049001151300111001642450287002752500022005622600082005843000022006665080057006885200109007455380016008545460012008706500075008827000061009577000055010187000063010734865IT-RoPAU20220918181233.0d cvaizq50131s9999||||xx ||| | || ||und|| aIT-RoPAUcIT-RoPAU aINGLESE aCalabro DominicgCodice regista SPICS: 38550 aMEN (THE), THE MISSION, THE MINISTRY - DOCUMENTARIO VOCAZIONALE SULLA SOCIETA' SAN PAOLO DEGLI STATI UNITI aMEN (THE), THE MISSION, THE MINISTRY - DOCUMENTARIO VOCAZIONALE SULLA SOCIETA' SAN PAOLO DEGLI STATI UNITIcDiretto da: Calabro DominicpMEN (THE), THE MISSION, THE MINISTRY - DOCUMENTARIO VOCAZIONALE SULLA SOCIETA' SAN PAOLO DEGLI STATI UNITI (Rif. Codice opera principale : B4865) aEdizione Standard a(USA)bSOCIETY OF ST PAUL / g"1992 (1° ed.: 1992 ; Ed. Lingua Orig.: 1992)" aVHSbsonoro, col. a"Montaggio: Calabro Dominic; Musica: Hahn Richard; " aDOCUMENTARIO VOCAZIONALE SULLA SOCIETA' SAN PAOLO REALIZZATO DALLA SOCIETA' SAN PAOLO DEGLI STATI UNITI. aPAL, STEREO aINGLESE aDOCUMENTARIOeTV-PROGRAMMI RELIGIOSI [VHS]xCodice MATERIA SPICS: 9963 aCalabro Dominic e(regista)gCodice regista SPICS: 38550 aHahn Richarde(musica)gCodice Musica SPICS: 38551 aMickler Jeffrey e(soggetto)gCodice Soggetto SPICS: 38552